| 000 | 01399nam a2200277 i 4500 | ||
|---|---|---|---|
| 003 | IT-RoINE | ||
| 005 | 20200515100825.0 | ||
| 008 | 060619s1983 it |r 101|||ita|d | ||
| 040 |
_aSpMaBN _cSpMaBN IT-RoINE _dIT-RoINE |
||
| 041 | 0 |
_afre _ager _aita _aspa |
|
| 110 | 2 |
_951715 _aUniversità cattolica del Sacro Cuore. _bCentro di studi medioevali. _bSettimana internazionale di studio _n(8ª. _d1980. _cPasso della Mendola, Italia) |
|
| 245 | 1 | 3 |
_aLa cristianità dei secoli XI e XII in occidente: coscienza e strutture di una società : _batti della ottava Settimana internazionale di studio, Mendola, 30 giugno-5 iuglio 1980. |
| 260 |
_aMilano : _bVita e Pensiero, _c[1983] |
||
| 300 |
_aXXV, 422 p. ; _c24 cm. |
||
| 336 |
_2rdacontent _atext |
||
| 337 |
_2rdamedia _aunmediated |
||
| 338 |
_2rdacarrier _avolume |
||
| 490 | 1 |
_aPubblicazioni dell'Università cattolica del sacro cuore. _aMiscellanea del centro di studi mediovali ; _v10 |
|
| 500 | _aIncluye índices. | ||
| 504 | _aIncluye referencias bibliográficas en notas. | ||
| 546 | _aTextos en alemán, español, francés e italiano. | ||
| 650 | 4 |
_aIglesia y Estado _y600-1500 (Edad media) _vCongresos _951708 |
|
| 650 | 4 |
_952561 _aIglesia _xHistoria _y600-1500 (Edad media) _vCongresos |
|
| 830 | 0 |
_951709 _aPubblicazioni dell'Università cattolica del Sacro Cuore. _pMiscellanea del Centro di studi medioevali _v10 |
|
| 942 | _cMTS | ||
| 999 |
_c26112 _d26112 |
||